000 00546nam a2200205Ia 4500
003 OSt
005 20230624124014.0
008 210423s9999 xx 000 0 und d
020 _a9788174821478
040 _cAL
041 _aeng
082 _a380.02 KOLL
_223
100 _aKOLI (L N).
_985971
245 _aUpkars UGC NET/JRF/SET commerce: paper third.
260 _aAgra
_bUpkar prakashan
_c2010
300 _avii,936
_bPB
365 _b525
_cINR
906 _acommerce: ; NET/JRF/SET ; paper ; third. ; UGC ; Upkars
942 _2ddc
_cBK
999 _c159072
_d159072